| 000 | 01250namaa22003131i 4500 | ||
|---|---|---|---|
| 005 | 20260412125624.0 | ||
| 008 | 260412s1995 ua a|||frm||| 000 0 eng d | ||
| 040 |
_aEG-GICUC _beng _cEG-GICUC _dEG-GICUC _erda |
||
| 041 | 0 |
_aeng _beng _bara |
|
| 049 | _aDeposit | ||
| 097 | _aM.Sc | ||
| 099 | _aCai01.11.12.M.Sc.1995.Ib.L. | ||
| 100 | 0 |
_aIbrahim Habib Ahmed, _epreparation. |
|
| 245 | 1 | 0 |
_aLong-Term Effects Of Tropical Corticosteroids In The Nose / _cBy Ibrahim Habib Ahmed; Supervised By Prof. Dr. Sayed M. EL-Fouly, Asst. Prof.Dr. Nabil Galal. |
| 246 | 1 | 5 | _aتأثير الاستعمال طويل المدى للكورتيزون الموضعي على الأنف/ |
| 264 | 0 | _c1995. | |
| 300 |
_a87 pages : _billustrations ; _c30 cm. + |
||
| 336 |
_2rda content _atext |
||
| 337 |
_2rdamedia _aUnmediated |
||
| 338 |
_2rdacarrier _avolume |
||
| 502 | _aThesis (M.Sc.) -Cairo University, 1995. | ||
| 504 | _aBibliography: pages 83-87. | ||
| 653 | 0 | _aE.N.T | |
| 700 | 0 |
_aSayed M. EL-Fouly _ethesis advisor. |
|
| 700 | 0 |
_aNabil Galal _ethesis advisor. |
|
| 900 |
_DDepartment of Otolaryngology _FFaculty of Medicine _UCairo University _b1995 _cSayed M. EL-Fouly _cNabil Galal |
||
| 905 | _aEman El gebaly | ||
| 942 |
_2ddc _cTH _e21 _n0 |
||
| 999 | _c179421 | ||